00989nam a22002297a 450000500170000000800400001702000150005705000200007210000170009224501220010925000110023126000910024230000210033349000620035449000330041650001050044965000210055465000250057594200130060099900190061395201270063220151214084535.0151214b cl||||| |||| 00| 0 spa d a958665063404aK3240bB76 20031 aBrown, Wendy13aLa crítica de los derechos / cWendy Brown, Patricia Williams ; estudio preliminar Isabel Cristina Jaramillo Sierra a1a ed. aSantafe de Bogotá, Colombia :bUniversidad de los Andes, Facultad de Derecho, c2003 a146 p. ;c19 cm. 0aBiblioteca universitaria. Ciencias sociales y humanidades 0aNuevo pensamiento jurídico aTraducción de: "Rights and losses" tomado de States of injury: power and freedom in late modernity 4aDerechos civiles 4aDerechoxFilosofía 2lcccLIB c110689d110689 102lcc4070aLIC-020bLIC-020cGENERALd2015-12-14f1a ed.kEHoK3240 B76 2003pBFF000014583r2015-12-14 00:00:00t1yLIB